[Event "Washington Class-ch A"]
[Site "Redmond"]
[Date "2008.11.28"]
[Round "2"]
[White "Li, Jerry Z"]
[Black "Wu, Darryl"]
[Result "0-1"]
[WhiteElo "1708"]
[BlackElo "1488"]
[PlyCount "72"]
[EventDate "2008.11.28"]
[EventType "swiss"]
[EventRounds "6"]
[EventCountry "USA"]
[SourceTitle "EXT 2017"]
[Source "ChessBase"]
[SourceDate "2016.10.25"]
[SourceVersion "1"]
[SourceVersionDate "2016.10.25"]
[SourceQuality "1"]

1. e4 d5 2. exd5 Qxd5 3. Nc3 Qa5 4. d4 c6 5. Bd2 Qc7 6. Bc4 Bf5 7. Nf3 e6 8. 0-0 Nf6 9. Bb3 Bd6 10. Bg5 Nbd7 11. Qe2 0-0 12. h3 Rfe8 13. Nh4 Bg6 14. Nxg6 hxg6 15. Ne4 Nxe4 16. Qxe4 Nf6 17. Qf3 Nh7 18. Bh4 g5 19. Bg3 Bxg3 20. fxg3 Re7 21. Rae1 Rd8 22. c3 c5 23. dxc5 Qxc5+ 24. Kh1 Qc6 25. Qxc6 bxc6 26. Re5 Rd2 27. Rb1 Red7 28. Rc5 Rf2 29. Rxc6 Rdd2 30. Rg1 Nf6 31. Ra6 Ne4 32. Kh2 g4 33. hxg4 Rf6 34. Rd1 Rxb2 35. Bc4 Rh6+ 36. Kg1 Nxg3 0-1